Score 0/54 Timer 04:00
0 Plays Today
Clue Four Letter Word % Correct
Hong ____KONG
98.3%
●1952 Best Musical: The ____ and IKING
98.1%
●1958 Nominee: West ____ StorySIDE
96.6%
●2006 Nominee: The Wedding ____erSING
91.8%
●1959 Best Musical: My Fair ____LADY
90.4%
Trigonometric functionSINE
90%
●1949 Best Musical: Kiss Me, ____KATE
89.5%
●1983 Best Play: Torch ____ TrilogySONG
88.4%
____ BlanchettCATE
87.4%
Body of waterLAKE
86.8%
Half of a quartPINT
86.5%
●1976 Best Musical: A Chorus ____LINE
85.8%
Flying toyKITE
83.6%
BoysLADS
83.3%
●2003 Best Play: ____ Me OutTAKE
83.1%
VastWIDE
80.4%
Ornamental fabricLACE
79.7%
FrillyLACY
79.5%
●1990 Best Musical: ____ of AngelsCITY
79.4%
●1965 Best Musical: Fiddler on the ____ROOF
79.1%
DomesticatedTAME
78.8%
●2011 Best Musical: The ____ of MormonBOOK
78.7%
Dog utteranceBARK
78.7%
1937 revue ____ and NeedlesPINS
78.7%
●1983 Best Musical: ____CATS
78.3%
Cow soundsMOOS
77.3%
Chess castleROOK
76.6%
Clue Four Letter Word % Correct
MisplaceLOSE
75.9%
●1955 Best Musical: The Pajama ____GAME
75.8%
Time gone byPAST
75.1%
●1991 Best Play: ____ in YonkersLOST
74.9%
SaloonsBARS
74.6%
ScoundrelsCADS
74.4%
QuoteCITE
73.6%
●1997 Best Play: The ____ Night of BallyhooLAST
72.4%
FluffLINT
72.2%
●1978 Best Musical: ____ Misbehavin'AIN'T
72.1%
SympathyPITY
71.3%
PortionPART
70.7%
BestowedGAVE
69.6%
British Prime Minister William ____PITT
67.5%
●2012 Best Play: Clybourne ____PARK
67.5%
Sounds of contemptBOOS
64.7%
WashLAVE
59.2%
●1995 Best Play: ____! Valour! Compassion!LOVE
56.2%
18th letter of the Arabic alphabetAINS
56.2%
●2004 Best Play: I Am My Own ____WIFE
55.1%
●1951 Best Play: The ____ TattooROSE
55.1%
●1997 Nominee: The ____LIFE
53.2%
●1954 Best Play: The Teahouse of the August ____MOON
51.2%
RoamROVE
49.3%
BlessingBOON
47.6%
●2006 Best Play: The History ____BOYS
46.8%
CovesBAYS
46.8%

Today's Daily Dose

Missing Word
'T' Pairs

Word Ladder
Game Pieces

Get the Picture
Baseball Movies

Remove Ads.
Support Sporcle.
Get the best of Sporcle when you Go Orange. This ad-free experience offers more features, more stats, and more fun while also helping to support Sporcle. Thank you for becoming a member.

You're not logged in!

Compare scores with friends on all Sporcle quizzes.
OR
Log In

Show Comments

Extras

Top Quizzes Today


Score Distribution

Your Account Isn't Verified!

In order to create a playlist on Sporcle, you need to verify the email address you used during registration. Go to your Sporcle Settings to finish the process.

Report this User

Report this user for behavior that violates our Community Guidelines.

Details: